[Event "Titled Tue 24th Jun Early"]
[Site "chess.com INT"]
[Date "2025.06.24"]
[Round "10"]
[White "Ugorek, Kacper"]
[Black "Pavlidou, Ekaterini"]
[Result "1-0"]
[WhiteTitle "CM"]
[BlackTitle "WIM"]
[WhiteElo "2262"]
[BlackElo "2198"]
[WhiteFideId "21890676"]
[BlackFideId "4213262"]
[EventDate "2025.06.24"]

1. f4 d5 2. b3 c5 3. Bb2 Nc6 4. e3 a6 5. Nf3 Nf6 6. g3 e6 7. Bg2 Be7 8. O-O b5
9. a4 b4 10. d3 Bb7 11. Nbd2 h6 12. Qe2 Qb6 13. Rae1 a5 14. Ne5 h5 15. h3 g6 16.
Nxc6 Bxc6 17. Kh2 O-O-O 18. e4 Qb7 19. exd5 Bxd5 20. Nc4 Qc7 21. Be5 Qa7 22. Bb2
h4 23. g4 Rhe8 24. Qf2 Bxg2 25. Kxg2 Nd5 26. Qf3 Bd6 27. Be5 Bxe5 28. fxe5 g5
29. Nd6+ Rxd6 30. exd6 Nf4+ 31. Kh2 Kd7 32. Re5 Qb6 33. Rxg5 Nd5 34. Rxd5 exd5
35. Qxf7+ Kd8 36. Qf6+ Kd7 37. Qg7+ Kd8 38. Qg5+ Kc8 39. d7+ Kxd7 40. Qxd5+ Qd6+
41. Qxd6+ Kxd6 42. Kg2 Re2+ 43. Rf2 Re1 44. Kf3 Rh1 45. Kg2 Rc1 46. g5 Re1 47.
Kf3 Rg1 48. Kf4 Ke6 49. Re2+ Kf7 50. Re5 Rf1+ 51. Kg4 Rg1+ 52. Kxh4 Kg6 53. Rxc5
Rf1 54. Rxa5 Rf2 55. Rc5 Rf4+ 56. Kg3 Rf1 57. h4 Kh5 58. a5 Rc1 59. Kf4 Ra1 60.
Ke4 Kxh4 61. g6 Rg1 62. a6 Rxg6 63. Ra5 1-0

[Event "Titled Tue 24th Jun Early"]
[Site "chess.com INT"]
[Date "2025.06.24"]
[Round "10"]
[White "Murzin, Volodar"]
[Black "Kozlov, Oleg"]
[Result "1-0"]
[WhiteTitle "GM"]
[BlackTitle "IM"]
[WhiteElo "2666"]
[BlackElo "2253"]
[WhiteFideId "44155573"]
[BlackFideId "4104544"]
[EventDate "2025.06.24"]

1. e4 c5 2. Nf3 e6 3. Be2 b6 4. O-O Bb7 5. Nc3 a6 6. a4 Qc7 7. d3 d6 8. Bf4 Nd7
9. Nd2 Ngf6 10. Bg3 Be7 11. f4 O-O 12. Bf3 Bc6 13. e5 Ne8 14. Bxc6 Qxc6 15. Qf3
Qxf3 16. Nxf3 dxe5 17. fxe5 Nc7 18. Ne4 Nd5 19. Rfe1 b5 20. c3 Rfb8 21. Bf2 bxa4
22. Re2 Nf4 23. Rd2 Rb7 24. Rxa4 Rab8 25. Ra2 h6 26. Kf1 g5 27. h3 Kg7 28. Rxa6
Ng6 29. Bg3 Rxb2 30. Rxb2 Rxb2 31. Ra7 Nb6 32. c4 Rb1+ 33. Ke2 Rb2+ 34. Nfd2 h5
35. Kd1 g4 36. Kc1 Rb4 37. hxg4 hxg4 38. Kc2 Ra4 39. Rxa4 Nxa4 40. Nf1 Nb6 41.
Ne3 Nd7 42. Nxg4 Ngf8 43. Nh2 Kg6 44. Bf2 Kf5 45. Nf3 Nxe5 46. Nxe5 Kxe5 47.
Nxc5 f5 48. d4+ Kf4 49. Nb7 Ke4 50. Na5 Bf6 51. Nb3 f4 52. Nc5+ Kf5 53. Kd3 Ng6
54. Ne4 Be7 55. c5 Bd8 56. Nd6+ Kf6 57. Ke4 Ne7 58. Bh4+ Kg6 59. Nb7 1-0

[Event "Titled Tue 24th Jun Early"]
[Site "chess.com INT"]
[Date "2025.06.24"]
[Round "10"]
[White "King, Alexander"]
[Black "Akshat Sureka"]
[Result "1/2-1/2"]
[WhiteTitle "FM"]
[BlackTitle "FM"]
[WhiteElo "2263"]
[BlackElo "2339"]
[WhiteFideId "2063620"]
[BlackFideId "25774492"]
[EventDate "2025.06.24"]

1. d4 Nf6 2. Nf3 e6 3. g3 c5 4. c4 cxd4 5. Nxd4 Bb4+ 6. Nc3 Nc6 7. Bg2 O-O 8.
O-O Nxd4 9. Qxd4 d6 10. Bg5 Bc5 11. Qd2 h6 12. Bxf6 Qxf6 13. Ne4 Qe5 14. Rad1
Rd8 15. b4 Bb6 16. Nxd6 a5 17. a3 axb4 18. axb4 Bc7 19. c5 Bxd6 20. cxd6 Ra6 21.
d7 Rxd7 22. Qc2 Ra8 23. Rxd7 Bxd7 24. Rc1 Rc8 25. Qd2 Rxc1+ 26. Qxc1 Qxe2 27.
Bxb7 Qb5 28. Bg2 Qxb4 29. h4 Qd6 30. Qe3 Qd1+ 31. Kh2 Qd6 32. Bf3 Bc6 33. Bxc6
Qxc6 34. Kg1 Qc2 35. Kh2 Qf5 36. Kg2 Qd5+ 37. Kg1 f6 38. Kh2 Kf7 39. Kg1 Qd1+
40. Kh2 Qd5 41. Qa7+ Kg6 42. Qe3 Qe5 43. Qd3+ Qf5 44. Qe3 h5 45. Kg1 Kh7 46. Qd2
e5 47. Qe3 Qg4 48. Kg2 Qf5 49. Kg1 Qg4 50. Kg2 g6 51. Qa7+ Kh6 52. Qf7 Qe4+ 53.
Kg1 Qe1+ 54. Kg2 Qe4+ 55. Kh2 Qf5 56. Kg1 Qb1+ 57. Kg2 Qe4+ 1/2-1/2

[Event "Titled Tue 24th Jun Early"]
[Site "chess.com INT"]
[Date "2025.06.24"]
[Round "10"]
[White "Souleidis, Georgios"]
[Black "Delorme, Axel"]
[Result "1-0"]
[WhiteTitle "IM"]
[BlackTitle "GM"]
[WhiteElo "2418"]
[BlackElo "2475"]
[WhiteFideId "4206827"]
[BlackFideId "632023"]
[EventDate "2025.06.24"]

1. e4 c5 2. Be2 g6 3. f4 Bg7 4. Nf3 Nc6 5. O-O d6 6. c3 Nf6 7. d3 O-O 8. Kh1 b5
9. a3 a5 10. Be3 Bb7 11. Nbd2 b4 12. d4 bxc3 13. bxc3 cxd4 14. cxd4 Ba6 15. Rc1
Qd7 16. Bxa6 Rxa6 17. Qe2 Nb8 18. Rb1 Ra7 19. d5 Rb7 20. Rxb7 Qxb7 21. Rb1 Qa6
22. Qxa6 Nxa6 23. Rb5 Ng4 24. Bg1 Bc3 25. h3 Nf6 26. e5 Nd7 27. Rb7 Nac5 28.
Bxc5 Nxc5 29. Rxe7 Rd8 30. e6 fxe6 31. dxe6 Bf6 32. Rf7 Rf8 33. Rxf8+ Kxf8 34.
Nc4 Ke7 35. Nxa5 Bb2 36. Nc4 Bc1 37. g3 Kxe6 38. Ng5+ Kd5 39. Nb6+ Kc6 40. Nc4
d5 41. Ne5+ Kb5 42. Nxh7 d4 43. Nf8 d3 44. Nxd3 Nxd3 45. Nxg6 Bxa3 46. Kg2 Kc4
47. Kf3 Kd5 48. h4 Nc5 49. h5 Bb2 50. g4 Ne6 51. g5 Nd4+ 52. Kg4 Ke6 53. h6 Nf5
54. Nf8+ Kf7 55. Kxf5 Kxf8 56. Kg6 Kg8 57. f5 Kh8 58. f6 Bxf6 59. Kxf6 Kg8 60.
g6 Kh8 61. g7+ Kg8 62. h7+ Kxh7 63. Kf7 1-0

[Event "Titled Tue 24th Jun Early"]
[Site "chess.com INT"]
[Date "2025.06.24"]
[Round "10"]
[White "Chen, Yidong"]
[Black "Suarez, Sebastian"]
[Result "0-1"]
[WhiteElo "2074"]
[BlackElo "2161"]
[WhiteFideId "8607028"]
[BlackFideId "30979080"]
[EventDate "2025.06.24"]

1. e4 d5 2. exd5 Qxd5 3. Nc3 Qa5 4. d4 Nf6 5. Bc4 Bd7 6. Ne2 e6 7. a3 b5 8. Bb3
Bc6 9. Bd2 Qb6 10. O-O Bd6 11. Bg5 Nbd7 12. d5 exd5 13. Nxd5 Nxd5 14. Bxd5 O-O
15. Nc3 Rfe8 16. Qd2 Ne5 17. Bxc6 Qxc6 18. Rfe1 Nc4 19. Qd5 Qxd5 20. Nxd5 Nxb2
21. g3 Nc4 22. Red1 h6 23. Bf4 Bxf4 24. Nxf4 Rad8 25. Nd5 c6 26. Ne7+ Kf8 27.
Rxd8 Rxd8 28. Nxc6 Rd2 29. Nxa7 Nd6 30. Rb1 Rd5 31. Kg2 Rc5 32. Kf3 Rc3+ 33. Kg2
Rc5 34. Rb2 Ke7 35. Kf1 Kd7 36. c4 bxc4 37. a4 Ra5 38. Nb5 Nxb5 39. axb5 Kc7 40.
Ke2 Kb6 41. Kd2 Rxb5 42. Ra2 Kc6 43. Kc3 Kc5 44. Re2 Rb3+ 45. Kc2 Rb7 46. Kc3
Rb3+ 47. Kc2 Rf3 48. Rd2 Kb4 49. Re2 g5 50. h3 h5 51. Rd2 h4 52. gxh4 gxh4 53.
Re2 Rxh3 54. Re8 Rf3 55. Rb8+ Kc5 56. Rc8+ Kd4 57. Rd8+ Ke5 58. Re8+ Kf5 59. Rc8
Rxf2+ 60. Kc3 Rf4 61. Rh8 Kg4 62. Rg8+ Kf3 63. Rh8 Kg3 64. Rg8+ Rg4 65. Rh8 h3 0-1

[Event "Titled Tue 24th Jun Early"]
[Site "chess.com INT"]
[Date "2025.06.24"]
[Round "10"]
[White "Harshavardhan, G B"]
[Black "Dann, Matthias"]
[Result "1-0"]
[WhiteTitle "IM"]
[BlackTitle "IM"]
[WhiteElo "2472"]
[BlackElo "2446"]
[WhiteFideId "25059009"]
[BlackFideId "24638056"]
[EventDate "2025.06.24"]

1. Nf3 Nf6 2. g3 b5 3. Na3 a6 4. c4 e5 5. Nxe5 Bb7 6. Nf3 Bxa3 7. bxa3 bxc4 8.
Bg2 O-O 9. O-O Be4 10. Bb2 d5 11. Rc1 Nbd7 12. d3 cxd3 13. exd3 Bg6 14. Ne5 Nxe5
15. Bxe5 Qe7 16. d4 Qxa3 17. Bxf6 gxf6 18. Bxd5 Rad8 19. Qf3 Qxf3 20. Bxf3 Rxd4
21. Rxc7 Rb8 22. Rc3 a5 23. Re1 Rb2 24. Re2 Rb1+ 25. Kg2 Kg7 26. h4 h5 27. Rc5
a4 28. Bxh5 Bxh5 29. Rxh5 a3 30. Rc5 Rb2 31. Rxb2 axb2 32. Rb5 Rd2 33. a4 Kg6
34. Kf3 Rc2 35. a5 Rc5 36. Rxb2 Rxa5 37. Kg4 Ra4+ 38. Kh3 Rc4 39. Rb6 Ra4 40. g4
Ra3+ 41. Kg2 Kg7 42. f3 Rc3 43. Kg3 Ra3 44. h5 Rc3 45. Rb5 Ra3 46. Rf5 Rb3 47.
Kh4 Ra3 48. f4 Ra1 49. g5 fxg5+ 50. fxg5 Ra4+ 51. Kg3 Rb4 52. Rf4 Rb5 53. Kg4
Ra5 54. h6+ Kg8 55. Rc4 Ra1 56. Rc8+ Kh7 57. Rf8 Rg1+ 58. Kf5 Rf1+ 59. Ke5 Re1+
60. Kf6 Rf1+ 61. Ke7 Kg6 62. Rg8+ Kh7 63. Rg7+ Kh8 64. Rxf7 Rf5 65. Rxf5 1-0

[Event "Titled Tue 24th Jun Early"]
[Site "chess.com INT"]
[Date "2025.06.24"]
[Round "10"]
[White "Birkisson, Bjorn Holm"]
[Black "Marchesich, Giovanni"]
[Result "1-0"]
[WhiteTitle "CM"]
[BlackTitle "CM"]
[WhiteElo "2128"]
[BlackElo "2189"]
[WhiteFideId "2310600"]
[BlackFideId "2824790"]
[EventDate "2025.06.24"]

1. e4 d5 2. exd5 Qxd5 3. Nc3 Qe5+ 4. Be2 c6 5. Nf3 Qc7 6. O-O Nf6 7. d4 Bf5 8.
Ne5 e6 9. Bf4 Bd6 10. Qd2 Nbd7 11. Nd3 O-O 12. Bxd6 Qxd6 13. Qe3 Nd5 14. Nxd5
cxd5 15. c3 Rab8 16. a4 a6 17. a5 b5 18. axb6 Rxb6 19. b4 Bxd3 20. Qxd3 Rc8 21.
Rfc1 Rbc6 22. Rxa6 Nb6 23. g3 Qc7 24. Kg2 g6 25. h4 h5 26. Qd2 e5 27. dxe5 Qxe5
28. Qd3 Rxc3 29. Rxc3 Rxc3 30. Qd2 Nc4 31. Bxc4 Rxc4 32. Qh6 Qe4+ 33. Kh2 d4 34.
Rd6 Rc8 35. Qd2 Rc4 36. b5 Qf5 37. Qf4 Qxf4 38. gxf4 Rb4 39. Rd5 Kf8 40. Kg3 Ke7
41. Kf3 Ke6 42. Re5+ Kd6 43. Ke2 Rb3 44. Re8 Rxb5 45. Rd8+ Kc5 46. Rd7 f5 47.
Rg7 Rb6 48. Kd3 Rb3+ 49. Ke2 Rb6 50. Kd3 Rd6 51. Ra7 Kd5 52. Ra4 Kc5 53. Ra5+
Kb6 54. Ra4 Kc5 55. Ra5+ Kb4 56. Ra8 Kb3 57. Rb8+ Ka2 58. Rb7 Ka1 59. Rb5 Ra6
60. Kxd4 Ra3 61. Ke5 Rh3 62. Rb6 Rxh4 63. Rxg6 Rg4 64. Kxf5 1-0

[Event "Titled Tue 24th Jun Early"]
[Site "chess.com INT"]
[Date "2025.06.24"]
[Round "10"]
[White "Cherepov, Alexej"]
[Black "Chitre Arush"]
[Result "1/2-1/2"]
[WhiteTitle "CM"]
[BlackTitle "CM"]
[WhiteElo "2083"]
[BlackElo "2151"]
[WhiteFideId "13503650"]
[BlackFideId "25959026"]
[EventDate "2025.06.24"]

1. d4 Nf6 2. c4 e6 3. g3 Bb4+ 4. Nd2 c5 5. Nf3 cxd4 6. Nxd4 Nc6 7. Nc2 d5 8.
Nxb4 Nxb4 9. Bg2 dxc4 10. Qa4+ Nc6 11. Nxc4 O-O 12. O-O Bd7 13. Qa3 Nd4 14. Qd3
Nc6 15. Bg5 Qe7 16. Bxf6 gxf6 17. Rfd1 Rfd8 18. Qb3 b6 19. Rd3 Rac8 20. Rad1 Be8
21. h4 Rxd3 22. Rxd3 Rd8 23. a3 Nd4 24. Qd1 Qc5 25. e3 Qxc4 26. Rxd4 Rxd4 27.
Qxd4 Qxd4 28. exd4 Kf8 29. Kf1 Bb5+ 30. Ke1 Ke7 31. Kd2 Kd6 32. b3 Bc6 33. Bf1
h6 34. Ke3 Bd5 35. Bc4 Kc6 36. Kd3 Kd6 37. Ke3 Kc6 38. Kd3 b5 39. Bxd5+ Kxd5 40.
f3 a5 41. Kc3 f5 42. Kd3 f6 43. Kc3 e5 44. dxe5 fxe5 45. Kd3 h5 46. Ke3 a4 47.
bxa4 bxa4 48. Kd3 Kc5 49. Kc3 Kd5 50. Kd3 f4 51. g4 hxg4 52. fxg4 e4+ 53. Kd2
Ke5 54. h5 Kf6 55. h6 Kg6 56. g5 Kh7 57. Ke2 Kg6 58. Kf2 Kh7 59. Kg2 Kg6 60. Kf2
f3 61. Ke3 Kh7 62. Kf2 Kg6 63. Ke3 Kh7 64. Kf2 Kg6 1/2-1/2

[Event "Titled Tue 24th Jun Early"]
[Site "chess.com INT"]
[Date "2025.06.24"]
[Round "10"]
[White "Salinas Herrera, Pablo"]
[Black "Aarit Kapil"]
[Result "0-1"]
[WhiteTitle "GM"]
[BlackTitle "CM"]
[WhiteElo "2447"]
[BlackElo "2078"]
[WhiteFideId "3407128"]
[BlackFideId "33408947"]
[EventDate "2025.06.24"]

1. d4 Nf6 2. Nf3 e6 3. Bf4 d5 4. e3 Bd6 5. Nbd2 Bxf4 6. exf4 c5 7. dxc5 Qc7 8.
g3 Qxc5 9. c3 O-O 10. Bd3 Rd8 11. O-O Nc6 12. Re1 a5 13. Nb3 Qb6 14. Qe2 Bd7 15.
Nbd4 a4 16. a3 Nxd4 17. Nxd4 Ne8 18. f5 exf5 19. Bxf5 Nd6 20. Bd3 Re8 21. Qh5 f5
22. Bxf5 Bxf5 23. Nxf5 g6 24. Nh6+ Kg7 25. Qh4 Ne4 26. Ng4 h5 27. Ne3 Qxb2 28.
Rf1 Nd2 29. Qd4+ Kh7 30. Qxd5 Nxf1 31. Rxf1 Re7 32. Qd6 Rf7 33. Nd5 Raf8 34. Nf4
Rf6 35. Qe7+ R8f7 36. Qc5 b6 37. Qd4 Qxa3 38. Nh3 Rf5 39. Qxb6 Qxc3 40. Qa6 a3
41. Qe2 Qb2 42. Qe6 a2 43. Qe4 a1=Q 44. Rxa1 Qxa1+ 45. Kg2 Qe5 46. Qd3 Qd5+ 47.
Qxd5 Rxd5 48. f4 Rd2+ 49. Kf3 Rfd7 50. Ng5+ Kg7 51. h4 R7d3+ 52. Ke4 Rxg3 53.
Ne6+ Kf6 54. Nc5 Rg4 55. Ke3 Rd8 56. Ne4+ Kg7 57. Kf3 Rf8 58. Nd6 Rfxf4+ 59. Ke3
Rxh4 60. Ne8+ Kf8 61. Nd6 Rfg4 62. Kf3 Rh3+ 63. Kf2 Rd3 64. Nb5 Rd7 65. Nc3 Rf7+
66. Ke2 h4 67. Nd5 h3 68. Ne3 Re4 0-1

[Event "Titled Tue 24th Jun Early"]
[Site "chess.com INT"]
[Date "2025.06.24"]
[Round "10"]
[White "Dreelinck, Jacob"]
[Black "Viskelis, Darius"]
[Result "1-0"]
[WhiteTitle "FM"]
[BlackTitle "FM"]
[WhiteElo "2266"]
[BlackElo "2170"]
[WhiteFideId "250511"]
[BlackFideId "12800830"]
[EventDate "2025.06.24"]

1. d4 d5 2. c4 e6 3. Nc3 c5 4. cxd5 cxd4 5. Qa4+ Bd7 6. Qxd4 exd5 7. Nf3 Nf6 8.
Bg5 Nc6 9. Qh4 Be7 10. e3 Be6 11. Bd3 Qb6 12. O-O Qb4 13. Qxb4 Nxb4 14. Bb5+ Nc6
15. Rfd1 O-O-O 16. Ne2 Ne4 17. Bxe7 Nxe7 18. Ba4 Kb8 19. Bb3 h6 20. Rac1 Rc8 21.
Rxc8+ Rxc8 22. Nf4 Bg4 23. h3 Bxf3 24. gxf3 Nf6 25. Kg2 Rc5 26. Nd3 Rc8 27. Ne5
Rf8 28. Bxd5 Nexd5 29. Rxd5 Kc7 30. Rd3 g5 31. e4 Nh5 32. Rc3+ Kd6 33. Nd3 b6
34. Ra3 a5 35. Rc3 Rd8 36. h4 Ke7 37. Kf1 gxh4 38. Rc7+ Kf8 39. Ke2 h3 40. Rc1
Rd7 41. Rh1 Rc7 42. Kd2 Rd7 43. Ke3 Kg7 44. b3 b5 45. Ne5 Re7 46. Nd3 Rd7 47.
Ne5 Re7 48. Nc6 Re6 49. Nd4 Rxe4+ 50. fxe4 f5 51. Rxh3 f4+ 52. Ke2 Kg6 53. Rf3
Kg5 54. Nc2 Nf6 55. Ne1 Nxe4 56. Nd3 Nc3+ 57. Kd2 Nxa2 58. Rxf4 Nb4 59. Rxb4
axb4 60. f4+ Kg4 61. Ke3 h5 62. Nf2+ Kg3 63. f5 h4 64. f6 h3 65. Nxh3 Kxh3 66.
f7 Kg4 67. f8=Q Kh4 68. Qxb4+ Kg3 69. Qxb5 Kg2 70. Qf5 Kh1 71. Kf2 Kh2 72. Qh7# 1-0

[Event "Titled Tue 24th Jun Early"]
[Site "chess.com INT"]
[Date "2025.06.24"]
[Round "10"]
[White "Gustafsson, Jan"]
[Black "Alonso Rosell, Alvar"]
[Result "0-1"]
[WhiteTitle "GM"]
[BlackTitle "GM"]
[WhiteElo "2591"]
[BlackElo "2536"]
[WhiteFideId "4625498"]
[BlackFideId "2270544"]
[EventDate "2025.06.24"]

1. Nf3 Nf6 2. c4 c5 3. b3 g6 4. Bb2 Bg7 5. g3 b6 6. Bg2 Bb7 7. O-O O-O 8. d4
cxd4 9. Qxd4 Nc6 10. Qh4 d5 11. Rd1 e6 12. Nc3 Ne4 13. Nxe4 Qxh4 14. Nxh4 Bxb2
15. cxd5 exd5 16. Rab1 dxe4 17. Rxb2 f5 18. Rd7 Rf7 19. Rbd2 Ne5 20. Rxf7 Kxf7
21. f4 exf3 22. exf3 Re8 23. f4 Bxg2 24. Kxg2 Ng4 25. Nf3 Ne3+ 26. Kf2 Ng4+ 27.
Kg2 Ne3+ 28. Kg1 Ng4 29. h3 Nf6 30. Ne5+ Ke6 31. Kg2 Rc8 32. g4 Rc3 33. Rd8 Nd5
34. Re8+ Kf6 35. Nd7+ Kf7 36. Ra8 Nxf4+ 37. Kf2 Nxh3+ 38. Ke2 Rc7 39. Ne5+ Kf6
40. Nc4 fxg4 41. Nd6 Kg5 42. Ne4+ Kf4 43. Nf6 Re7+ 44. Kf1 Kf3 45. Rf8 Kg3 46.
Nd5 Rd7 47. Nf6 Rd1+ 48. Ke2 Rd4 49. Ke3 Rd1 50. Nxh7 Re1+ 51. Kd2 Re7 52. Nf6
Nf4 53. Rg8 Rf7 54. Ne4+ Kg2 55. Ng5 Re7 56. Rf8 Re5 57. Rxf4 Rxg5 58. Ke3 Re5+
59. Kd4 Rg5 60. Ke3 g3 61. Rc4 Rf5 62. Rg4 Kh2 63. Rh4+ Kg2 64. Rg4 g5 65. Ke4
Rf4+ 66. Rxf4 gxf4 67. Kxf4 Kf2 0-1

[Event "Titled Tue 24th Jun Early"]
[Site "chess.com INT"]
[Date "2025.06.24"]
[Round "10"]
[White "Maghsoodloo, Parham"]
[Black "Srihari, L R"]
[Result "1-0"]
[WhiteTitle "GM"]
[BlackTitle "IM"]
[WhiteElo "2691"]
[BlackElo "2480"]
[WhiteFideId "12539929"]
[BlackFideId "46617116"]
[EventDate "2025.06.24"]

1. d4 d5 2. c4 e6 3. Nc3 Nf6 4. cxd5 exd5 5. Bg5 c6 6. e3 Be7 7. Bd3 h6 8. Bh4
O-O 9. Nge2 Ne8 10. Bg3 Nd6 11. Qc2 Re8 12. O-O a5 13. h3 Bf8 14. a3 Na6 15. Be5
Nc7 16. f3 Bd7 17. e4 f6 18. Bg3 Rc8 19. Rad1 Nf7 20. Rfe1 Bd6 21. Bxd6 Nxd6 22.
Nf4 Ne6 23. Nxe6 Bxe6 24. e5 fxe5 25. dxe5 Nf7 26. f4 Bd7 27. Bh7+ Kh8 28. Bg6
Kg8 29. Qf2 Qc7 30. Bb1 Kf8 31. Qc2 Qb6+ 32. Kh1 Qc5 33. Qh7 Qf2 34. Rf1 Qg3 35.
Ne2 Qe3 36. Ng1 Qb3 37. Nf3 Qxb2 38. Nh4 Re6 39. Ng6+ Rxg6 40. Bxg6 Qxa3 41.
Rde1 Bxh3 42. e6 Qg3 43. e7+ Ke8 44. Qg8+ Kd7 45. Bf5+ Kd6 46. Bxh3 Rxg8 47.
e8=Q Rxe8 48. Rxe8 Kc5 49. Rf3 Qh4 50. Kh2 Nd6 51. Re6 Ne4 52. g3 Qd8 53. Bg2 g5
54. f5 g4 55. Rf4 Ng5 56. Rxh6 Qf8 57. Rg6 Qh8+ 58. Kg1 Qa1+ 59. Kh2 Qh8+ 60.
Kg1 Nh3+ 61. Bxh3 Qxh3 62. Rgxg4 a4 63. f6 a3 64. f7 a2 65. f8=Q+ Kb6 66. Qa3 1-0

[Event "Titled Tue 24th Jun Early"]
[Site "chess.com INT"]
[Date "2025.06.24"]
[Round "10"]
[White "Cornelisse, Lorelei"]
[Black "Nitish, Belurkar"]
[Result "0-1"]
[WhiteTitle "WFM"]
[BlackTitle "IM"]
[WhiteElo "2138"]
[BlackElo "2454"]
[WhiteFideId "1087177"]
[BlackFideId "5084768"]
[EventDate "2025.06.24"]

1. d4 Nf6 2. Nc3 d5 3. Bf4 e6 4. Nb5 Na6 5. e3 Be7 6. Nf3 O-O 7. Be2 c6 8. Nc3
b6 9. Ne5 Nb8 10. h4 Bb7 11. h5 Nbd7 12. h6 g6 13. a4 c5 14. a5 Rc8 15. a6 Ba8
16. Nb5 Nxe5 17. dxe5 Nd7 18. Nxa7 Rb8 19. Nb5 d4 20. a7 Rc8 21. Bf3 dxe3 22.
fxe3 Bh4+ 23. g3 Be7 24. g4 c4 25. Bxa8 Rxa8 26. Qf3 Qc8 27. O-O Nc5 28. Rfd1 g5
29. Bg3 f6 30. Nd6 Bxd6 31. exd6 Qd7 32. Qe2 b5 33. e4 e5 34. Bf2 Ne6 35. Be3
Nf4 36. Bxf4 gxf4 37. Qd2 Kf7 38. Qd5+ Kg6 39. Kf2 Rfd8 40. Qc5 Rdc8 41. Qd5 Rd8
42. Qc5 Rdc8 43. Qb6 Rd8 44. Rd5 Kg5 45. Qc5 b4 46. Qxc4 Rxa7 47. Rxa7 Qxa7+ 48.
Qc5 Qd7 49. Qc4 Rc8 50. Qb3 Qxg4 51. d7 Rd8 52. Qxb4 Rxd7 53. Rxd7 Qxd7 54. Qf8
Qd2+ 55. Kf1 Qc1+ 56. Ke2 Qxc2+ 57. Kf1 Qxb2 58. Qg7+ Kh4 59. Qxf6+ Kg3 60. Qg5+
Kf3 61. Qh5+ Ke3 62. Qh3+ f3 63. Qg3 Qc1+ 64. Qe1+ Qxe1+ 65. Kxe1 Kxe4 66. Kf2
Kf4 0-1

[Event "Titled Tue 24th Jun Early"]
[Site "chess.com INT"]
[Date "2025.06.24"]
[Round "10"]
[White "Zepeda Berlanga, Jan Enrique"]
[Black "Ivanov, Andrey A."]
[Result "1-0"]
[WhiteTitle "CM"]
[BlackTitle "CM"]
[WhiteElo "1984"]
[BlackElo "2120"]
[WhiteFideId "5132355"]
[BlackFideId "2514311"]
[EventDate "2025.06.24"]

1. e4 c5 2. Nf3 Nc6 3. d4 cxd4 4. Nxd4 Nf6 5. Nc3 e5 6. Ndb5 d6 7. Bg5 a6 8. Na3
b5 9. Nab1 Ne7 10. Be2 d5 11. exd5 Nexd5 12. Bf3 Bb4 13. Bxf6 Qxf6 14. Bxd5 Rb8
15. O-O O-O 16. Ne4 Qg6 17. c3 Ba5 18. Nbd2 Rd8 19. Qb3 Bb6 20. Nf3 a5 21. Nxe5
Qf5 22. Nxf7 Rxd5 23. Ned6 Qh5 24. Rad1 Be6 25. Qc2 Bxf7 26. Rxd5 Bxd5 27. Rd1
Bc6 28. Nf5 Qf7 29. Re1 g6 30. Ne7+ Kg7 31. Nxc6 Rc8 32. Re7 Rxc6 33. Rxf7+ Kxf7
34. Qe4 Re6 35. Qb7+ Kf6 36. g3 h5 37. Kg2 g5 38. h4 g4 39. Qh7 Ke5 40. Qxh5+
Kd6 41. Qxb5 Bc5 42. Qa6+ Kd5 43. Qxa5 Re2 44. Qa8+ Kd6 45. Qd8+ Kc6 46. Qa8+
Kb6 47. Qb8+ Kc6 48. Qc8+ Kb6 49. Qf5 Rxb2 50. a4 Rd2 51. a5+ Kb5 52. a6 Rc2 53.
a7 Kb6 54. a8=Q Rxf2+ 55. Qxf2 Bxf2 56. Kxf2 Kb5 57. Qe4 Kc5 58. Qxg4 Kc6 59.
Qf3+ Kd6 60. h5 Ke6 61. h6 Kd6 62. h7 Kc5 63. h8=Q Kc4 64. g4 Kb3 65. g5 Kc4 66.
g6 Kb3 67. g7 Kc4 68. g8=Q+ Kb5 69. c4+ Ka4 70. c5 Kb4 71. c6 Kb5 72. c7 Kb6 73.
c8=Q Ka7 74. Qa3+ Kb6 75. Qhb2# 1-0

[Event "Titled Tue 24th Jun Early"]
[Site "chess.com INT"]
[Date "2025.06.24"]
[Round "10"]
[White "Kezin, Roman"]
[Black "Grandelius, Nils"]
[Result "1/2-1/2"]
[WhiteTitle "IM"]
[BlackTitle "GM"]
[WhiteElo "2471"]
[BlackElo "2643"]
[WhiteFideId "24124621"]
[BlackFideId "1710400"]
[EventDate "2025.06.24"]

1. d4 d5 2. c4 e6 3. Nf3 Nc6 4. Bg5 Be7 5. Bxe7 Ncxe7 6. e3 Nf6 7. Nc3 O-O 8.
Rc1 a6 9. c5 Nc6 10. Be2 Qe7 11. O-O Rd8 12. a3 e5 13. b4 Bf5 14. Qb3 exd4 15.
Nxd4 Nxd4 16. exd4 c6 17. Rfe1 Re8 18. h3 Qc7 19. Bf1 Qf4 20. Ne2 Qh6 21. Ng3
Bg6 22. Re3 Rxe3 23. Qxe3 Qxe3 24. fxe3 Re8 25. Re1 h5 26. Nh1 Ne4 27. Nf2 Ng3
28. Bd3 Kh7 29. a4 f6 30. b5 axb5 31. axb5 Ra8 32. bxc6 bxc6 33. Bxg6+ Kxg6 34.
Nd3 Ra4 35. Kf2 Ne4+ 36. Kf3 Kf5 37. g4+ hxg4+ 38. hxg4+ Kg5 39. Rh1 Ra2 40.
Rh5+ Kg6 41. Rh8 Kf7 42. g5 Nxg5+ 43. Kg3 Ra3 44. Nb4 Rxe3+ 45. Kf2 Re6 46. Rc8
Ne4+ 47. Kg2 g5 48. Nxc6 g4 49. Nd8+ Ke7 50. Nxe6 Kxe6 51. Re8+ Kd7 52. Rf8 Ke7
53. Ra8 f5 54. Ra7+ Ke6 55. Ra6+ Kd7 56. Rg6 Ke7 57. Kf1 Kf7 58. Rh6 f4 59. Rh4
Nf6 60. c6 Ke7 61. Rh6 Ne4 62. Rh4 Nf6 63. Rh6 Ne4 64. Rh4 Nf6 1/2-1/2

[Event "Titled Tue 24th Jun Early"]
[Site "chess.com INT"]
[Date "2025.06.24"]
[Round "10"]
[White "Gavarrete, Nahun"]
[Black "Leung, Hoi Ting"]
[Result "1-0"]
[WhiteTitle "FM"]
[BlackTitle "WCM"]
[WhiteElo "2281"]
[BlackElo "1618"]
[WhiteFideId "8400709"]
[BlackFideId "6003770"]
[EventDate "2025.06.24"]

1. e4 c6 2. d4 d5 3. e5 e6 4. c3 Ne7 5. Nf3 g6 6. Be3 Bg7 7. Nbd2 O-O 8. Bd3 b5
9. O-O Nf5 10. Qc2 Bb7 11. b4 Nd7 12. a4 bxa4 13. Rxa4 a5 14. bxa5 Rxa5 15. Rfa1
Rxa4 16. Qxa4 Qc7 17. Qc2 c5 18. Bxf5 exf5 19. Qb2 cxd4 20. cxd4 Bc6 21. Rc1 Nb8
22. Bf4 Qd7 23. Qc3 Bb5 24. Qc5 Be2 25. Qc7 Qxc7 26. Rxc7 Na6 27. Rd7 Nb4 28. h3
Ra8 29. Kh2 Nd3 30. Bg5 h6 31. Bf6 Bxf6 32. exf6 Ra6 33. Rxd5 Rxf6 34. Rd8+ Kg7
35. Re8 Bd1 36. Kg1 Ra6 37. Re3 Nf4 38. Kh2 Nd5 39. Re5 Nf6 40. d5 Rd6 41. Nc4
Rxd5 42. Rxd5 Nxd5 43. Nce5 f6 44. Nd3 Be2 45. Nde1 Nf4 46. g3 Nd3 47. Nxd3 Bxd3
48. Nd4 Be4 49. f3 Bd5 50. h4 Bf7 51. Kh3 h5 52. f4 Kf8 53. Nf3 Ke7 54. Nd4 Kd6
55. Nb5+ Kc5 56. Nc3 Kd4 57. Ne2+ Ke3 58. Nc3 Bc4 59. Nd1+ Kf3 60. Kh2 Be2 61.
Nc3 Ke3 62. Nd5+ Kd4 63. Nxf6 Bg4 64. Ng8 Kd5 65. Ne7+ Ke6 66. Nxg6 Kf6 67. Ne5
Bd1 68. Kg2 Ba4 69. Kf2 Bb3 70. Ke3 Bd5 71. Kd4 Be4 72. Kc5 Bd3 73. Kd6 Bb1 74.
Nd7+ Kg6 75. Ke6 Ba2+ 76. Ke5 Bb1 77. Nf8+ Kf7 78. Nh7 Kg7 79. Nf6 Kg6 80. Nd5
Be4 81. Ne7+ Kf7 82. Nxf5 Bb1 83. Ne3 Bd3 84. f5 Be2 85. Kf4 Bd1 86. Nxd1 Kf6
87. Ne3 Kf7 88. g4 hxg4 89. Nxg4 Kf8 90. h5 Kg7 91. f6+ Kf7 92. Kf5 Kf8 93. Kg6
Kg8 94. f7+ Kf8 95. h6 Ke7 96. Kg7 Kd8 97. f8=Q+ 1-0